000 00570nam a2200229Ia 4500
003 OSt
005 20221005123604.0
006 a|||||r|||| 00| 0
007 ta
008 221004b |||||||| |||| 00| 0 eng d
024 _a57073
037 _cTextual
040 _aCRL
_cCRL
_beng
041 _2eng
_aeng
082 _aV2:1:N1, D3
100 _aLipsett H Caldwell
_9633873
245 0 _aLord Curzon in India 1898-1903
260 _c1903
650 _aHISTORY
942 _hV2:1:N1, D3
_cTEXL
_2cc
999 _c1047861
_d1047861